Pays les plus mentionnés en "Une" du journal Le Monde - Statistiques

Statistiques générales
  • Ce quiz a été pris 68 268 fois
    22 770 depuis la dernière actualisation
  • Le résultat moyen est 15 sur 21
Statistiques - réponses
# Mois Pays % Correct
442 États-Unis
99%
33 Chine
95%
33 Russie
94%
98 Allemagne
89%
7 Espagne
88%
56 Royaume-Uni
88%
13 Italie
84%
17 Israël
82%
73 Algérie
79%
27 Ukraine
78%
7 Maroc
77%
16 Iran
74%
19 Irak
71%
9 Palestine
67%
18 Syrie
58%
7 Tunisie
58%
123 URSS
55%
10 Grèce
45%
18 Liban
44%
13 Viêt Nam
35%
7 Serbie
22%
Aucun quiz correspondant
Distribution des résultats
% des personnes avec chaque résultat
Percentile par nombre de réponses
Votre historique - résultats
Vous n’avez pas pris ce quiz depuis la dernière actualisation